| 000 | 00434nam a22001337a 4500 | ||
|---|---|---|---|
| 003 | SGT | ||
| 082 |
_a617.6342 _bC21S |
||
| 100 | _aSINHA,SRISTI | ||
| 245 | _aCOMPARATIVE EVALUATION OF GLIDE PATH PREPARATION BY ROTARY AND RECIPROCATING MOTION IN MESIAL ROOTS OF MANDIBULAR MOLARS BY 3- DIMENSIONAL RADIOGRAPHIC SCAN AN IN VITRO STUDY | ||
| 260 |
_aSGTU _c2021 |
||
| 300 | _a90 | ||
| 650 | _aCONSERVATIVE DENTISTRY | ||
| 942 |
_2ddc _cTH |
||
| 999 |
_c21160 _d21160 |
||